000 00574nam a2200181 i 4500
001 23306
003 ES-MaACL
005 20240326160430.0
007 t|
008 021210s1967 sp ||||1| spa d
245 0 0 _aDon Amadeo de Saboya
_b: un rey electivo.
260 _aCáceres :
_bCentro de Estudios Históricos,
_c[1967]
300 _a97 p., 12 lám. ;
_c17 cm.
651 4 _aEspaña-
_xHistoria-
_y1870-1873, Amadeo I
_98261
710 2 _aCentro de Estudios Históricos (Cáceres)
_92640
852 _aES-MaACL
_jC-33694
_bR.64397
999 _c23306
_d23306